LEADER 02860nam 2200625 a 450 001 9910452556603321 005 20200520144314.0 010 $a1-4438-5081-0 035 $a(CKB)2550000001107432 035 $a(EBL)1336791 035 $a(OCoLC)855505146 035 $a(SSID)ssj0001130520 035 $a(PQKBManifestationID)11630933 035 $a(PQKBTitleCode)TC0001130520 035 $a(PQKBWorkID)11109487 035 $a(PQKB)11372496 035 $a(MiAaPQ)EBC1336791 035 $a(Au-PeEL)EBL1336791 035 $a(CaPaEBR)ebr10742328 035 $a(CaONFJC)MIL507785 035 $a(EXLCZ)992550000001107432 100 $a20130815d2013 uy 0 101 0 $aeng 135 $aur|n|---||||| 181 $ctxt 182 $cc 183 $acr 200 04$aThe Archbishops of Cyprus in the modern age$b[electronic resource]$ethe changing role of the Archbishop-Ethnarch, their identities and politics /$fedited by Andrekos Varnava and Michalis N. Michael 210 $aNewcastle upon Tyne, England $cCambridge Scholars Publishing$dc2013 215 $a1 online resource (345 p.) 225 0 $aCyprus Historical and Contemporary Studies 300 $aDescription based upon print version of record. 311 $a1-4438-4929-4 311 $a1-299-76534-3 320 $aIncludes bibliographical references and index. 327 $aTABLE OF CONTENTS; LIST OF IMAGES; SERIES EDITOR INTRODUCTION; ACKNOWLEDGEMENTS; CHAPTER ONE; CHAPTER TWO; CHAPTER THREE; CHAPTER FOUR; CHAPTER FIVE; CHAPTER SIX; CHAPTER SEVEN; CHAPTER EIGHT; CHAPTER NINE; CHAPTER TEN; CHAPTER ELEVEN; CONTRIBUTORS; SELECTED BIBLIOGRAPHY; INDEX 330 $aCyprus Historical and Contemporary StudiesSince the onset of Ottoman rule, but more especially from the mid-18th Century, the archbishops of the autocephalous Cypriot Orthodox Church have wielded a great deal of political power. Most people of a certain age will remember the bearded monk who became a Greek nationalist politician and the first President of the Republic of Cyprus in 1960, Archbishop Makarios III. Indeed his presence at Madame Tussaud's is a reminder of his stature. But were all Cypriot archbishops such political and powerful Greek nationalists? This study is unique in its explor 410 0$aCyprus Historical and Contemporary Studies 606 $aChurch$y21st century 606 $aChurch history$y20th century 606 $aReligion 608 $aElectronic books. 615 0$aChurch 615 0$aChurch history 615 0$aReligion. 676 $a277.3083 701 $aVarnava$b Andrekos$0886569 701 $aMichael$b Michalis N$0993289 801 0$bMiAaPQ 801 1$bMiAaPQ 801 2$bMiAaPQ 906 $aBOOK 912 $a9910452556603321 996 $aThe Archbishops of Cyprus in the modern age$92274375 997 $aUNINA LEADER 02132nas 2200745-a 450 001 996204721103316 005 20230522213016.0 011 $a1944-7477 035 $a(CKB)954921354356 035 $a(CONSER)--2008212221 035 $a(MiAaPQ)41305 035 $a(MiAaPQ)41306 035 $a(MiAaPQ)41307 035 $a(DE-599)ZDB2032876-X 035 $a(OCoLC)54787796 035 $a(EXLCZ)99954921354356 100 $a20040323a19489999 --- a 101 0 $aeng 135 $aurcnu|||||||| 181 $ctxt$2rdacontent 182 $cc$2rdamedia 183 $acr$2rdacarrier 200 10$aNational tax journal 210 $aChicago, Ill. $cNational Tax Association$d1948- 210 3 $aChicago, IL $cUniversity of Chicago Press 300 $aRefereed/Peer-reviewed 300 $a"A joint project of the National Tax Association and Tax Analysts." 311 $a0028-0283 517 3 $aNTJ 531 $aNATL TAX J 531 $aNATL. TAX J 606 $aTaxation$vPeriodicals 606 $aTaxation$zUnited States$vPeriodicals 606 $aImpôt$vPériodiques 606 $aImpôt$zÉtats-Unis$vPériodiques 606 $aTaxation$2fast$3(OCoLC)fst01143876 606 $aBelastingen$2gtt 606 $aTAXATION$2unbist 606 $aPUBLIC FINANCE$2unbist 606 $aUNITED STATES$2unbist 607 $aUnited States$2fast 608 $aPeriodical 608 $aperiodicals.$2aat 608 $aPeriodicals.$2fast 608 $aPeriodicals.$2lcgft 608 $aPériodiques.$2rvmgf 610 0 $aBusiness$aEconomics$aLaw 615 0$aTaxation 615 0$aTaxation 615 6$aImpôt 615 6$aImpôt 615 7$aTaxation. 615 17$aBelastingen. 615 17$aTAXATION. 615 17$aPUBLIC FINANCE. 615 17$aUNITED STATES. 676 $a372 676 $a336.205 712 02$aNational Tax Association, 712 02$aNational Tax Association-Tax Institute of America, 712 02$aTax Analysts (Firm : U.S.), 906 $aJOURNAL 912 $a996204721103316 996 $aNational Tax Journal$9792661 997 $aUNISA LEADER 00951nam0-2200289 --450 001 9910838695403321 005 20240318132659.0 010 $a978-88-217-8326-5 100 $a20240318d2023----kmuy0itay5050 ba 101 0 $aita 102 $aIT 105 $a 001yy 200 1 $aCodice dei contratti pubblici commentato$eD.lgs. 31 marzo 2023, n. 36$fa cura di Luca R. Perfetti$gcoordinatori: Fabio Giuseppe Angiolini ... [et al.] 210 $aMilano$cWolters Kluwer$dc2023 215 $aLXIII, 2023 p.$d22 cm 225 1 $aCommentari IPSOA 300 $aIn quarta di copertina: consultabile su lamiabiblioteca.com 676 $a346.4502302638$v23 702 1$aPerfetti,$bLuca R. 702 1$aAngelini,$bFabio Giuseppe 801 0$aIT$bUNINA$gREICAT$2UNIMARC 901 $aBK 912 $a9910838695403321 952 $aCOLL 478 (21)$b2023/1516$fFGBC 959 $aFGBC 996 $aCodice dei contratti pubblici$9782495 997 $aUNINA